Garfield's Christmas tales / (Record no. 7655)

MARC details
000 -LEADER
fixed length control field 01279nam a22003137a 4500
001 - CONTROL NUMBER
control field 7655
003 - CONTROL NUMBER IDENTIFIER
control field FISKH
005 - DATE AND TIME OF LATEST TRANSACTION
control field 20250729162222.0
008 - FIXED-LENGTH DATA ELEMENTS--GENERAL INFORMATION
fixed length control field 250729b cb ||||| |||| 00| 0 eng d
020 ## - INTERNATIONAL STANDARD BOOK NUMBER
International Standard Book Number 9780816777150
040 ## - CATALOGING SOURCE
Original cataloging agency FISKH
Language of cataloging eng
Transcribing agency FISKH
Modifying agency FISKH
050 ## - LIBRARY OF CONGRESS CALL NUMBER
Classification number PZ7
082 ## - DEWEY DECIMAL CLASSIFICATION NUMBER
Classification number 258
100 ## - MAIN ENTRY--PERSONAL NAME
Personal name Acey, Mark
245 ## - TITLE STATEMENT
Title Garfield's Christmas tales /
Statement of responsibility, etc. Created by Jim Davis : Written by Mark Acey and Jim Kraft : Designed and Illustrated by Mike Fentz
250 ## - EDITION STATEMENT
Edition statement This edition published in 2002.
260 ## - PUBLICATION, DISTRIBUTION, ETC.
Place of publication, distribution, etc. Mahwah :
Name of publisher, distributor, etc. Troll Communications L.L.C. ,
Date of publication, distribution, etc. 1995.
300 ## - PHYSICAL DESCRIPTION
Extent 32 pages :
Other physical details color illustrations ;
Dimensions 27 cm .
490 ## - SERIES STATEMENT
Series statement Garfield
505 ## - FORMATTED CONTENTS NOTE
Formatted contents note J <br/>
520 ## - SUMMARY, ETC.
Summary, etc. You better watch out, you better not cry . . . Garfield is coming to town in this rib-tickling collection of Christmas tales! Whether he's waging the year's biggest snowball fight, serving as Santa's hungry little helper, or saving Christmas from weird space aliens, Garfield will always find a way to keep the ho-ho-ho in the holidays!
521 8# - TARGET AUDIENCE NOTE
Target audience note 500 <br/>
Source Lexile estimate <br/>
521 8# - TARGET AUDIENCE NOTE
Target audience note J <br/><br/>
Source Raz-Plus <br/>
650 ## - SUBJECT ADDED ENTRY--TOPICAL TERM
Topical term or geographic name entry element Cartoons and comics
Form subdivision Fiction
650 ## - SUBJECT ADDED ENTRY--TOPICAL TERM
Topical term or geographic name entry element Christmas
Form subdivision Fiction
700 ## - ADDED ENTRY--PERSONAL NAME
Personal name Fentz, Mike
Relator term Illustrator
942 ## - ADDED ENTRY ELEMENTS (KOHA)
Source of classification or shelving scheme Dewey Decimal Classification
Koha item type Books
Suppress in OPAC No
Holdings
Withdrawn status Lost status Source of classification or shelving scheme Damaged status Not for loan Collection Home library Current library Shelving location Date acquired Total Checkouts Full call number Barcode Date last seen Date last checked out Price effective from Koha item type
    Dewey Decimal Classification     Juvenile Fiction Footprints International School Library Network Toul Tom Poung Campus Footprints International School Library Network Toul Tom Poung Campus TTP Primary Dark Blue Bookshelves 07/29/2025 3 ACE PZ7 258 FISTK01946 03/13/2026 02/13/2026 07/29/2025 Books